Statistics for Top 15 Countries with Covid-19 Cases - 13 January 2021

Click here to take the quiz!

General Stats

  • This quiz has been taken 11 times
  • The average score is 22 of 29

Answer Stats

country% Correct
Spain
100%
United States
100%
India
100%
Germany
100%
United Kingdom
100%
France
100%
Brazil
100%
Mexico
91%
Argentina
91%
Russia
91%
Italy
82%
Turkey
73%
Iran
73%
Poland
73%
Sweden
73%
Colombia
73%
Qatar
64%
Armenia
64%
Belgium
64%
Georgia
64%
Netherlands
64%
Croatia
64%
Slovenia
64%
Panama
64%
Czechia
64%
Switzerland
55%
Bahrain
55%
Israel
45%
Lithuania
18%

Score Distribution

Percentile by Number Answered

Percent of People with Each Score

Your Score History

You have not taken this quiz